Responses for show #5784 - Thursday, November 5, 2009

2009 Teen Tournament quarterfinal game 4.

Contestants

[<< previous game]

Rachel Rothenberg, a senior from Pittsburgh, Pennsylvania

Aidan Mehigan, a sophomore from McLean, Virginia

Solomon Howard, a freshman from St. Petersburg, Florida

[next game >>]

Jeopardy! Round responses

ARCHAEOLOGY
NAME THAT GAME
3-NAMED AUTHORS
MULTIPLE MEANINGS
FRENCH FOOD
STATES WITHOUT CONSONANTS
    $200 14
Zeus

Rachel
    $200 3
Monopoly

Solomon
    $200 1
Louisa May Alcott

Rachel
    $200 18
reflect

Aidan
    $200 11
lettuce

Aidan
    $200 26
Hawaii

Rachel
    $400 15
a pumpkin (or squash)

Solomon
    $400 4
checkers

Solomon
    $400 2
Harriet Beecher Stowe

Solomon
    $400 19
plate

Aidan
    $400 12
cake

Rachel
    $400 27
Louisiana

Solomon
    $600 21
a villa

Aidan
    $600 5
tug of war

Aidan
    $600 8
(Solomon: Who is James Fenimore Cooper?)
...
(Alex: [To Aidan] [Sighs] Yeah, we'll accept that, but remember, it's 3-named, so we want all 3. Go again.)

Longfellow

SolomonAidan
    $600 20
kid

Rachel
    $600 13
cheese

Rachel
    $600 28
(Aidan: What is Illinois?)
(Solomon: What is Indiana?)

Mississippi

SolomonAidan
Triple Stumper
    $800 22
its date

Rachel
    $800 6
Red Rover

Aidan
    $800 9
Henry David Thoreau

Rachel
    $800 24
grave

Solomon
    $800 16
a grape

Solomon
    $800 29
(Rachel: What is Alaska?)

Alabama

SolomonRachel
    $1000 23
a scribe

Aidan
    $1000 7
Bejeweled

Aidan
    $1000 10
Samuel Taylor Coleridge

Aidan
    $1000 25
a spit

Aidan
    $1000 17
beans

Solomon
    $2,000 30
(Alex: Pick a state.)
(Solomon: Mm, I don't know.)
(Alex: Nothing coming?)
(Solomon: Mm, no.)

Tennessee

Solomon

Scores at the first commercial break (after clue 15):

Solomon Aidan Rachel
$800 $4,200 $2,200

Scores at the end of the Jeopardy! Round:

Solomon Aidan Rachel
$2,000 $6,800 $3,000

Double Jeopardy! Round responses

A NUMBER FROM 1 TO 10,316
LIGHTS, CAMERA, ACTION MOVIE
THE U.S. BEFORE 1900
PUBERTY RITUALS
FINISH THE OLD TESTAMENT QUOTE
(Alex: The quote comes from the King James Version of the Bible.)
ABBREV.
    $400 26
1

Solomon
    $400 21
Indiana Jones

Solomon
    $400 4
Thomas Jefferson

Rachel
    $400 7
a bar mitzvah

Aidan
    $400 1
taken away

Solomon
    $400 16
backyard

Solomon
    $800 27
20

Aidan
    $800 22
Transformers

Rachel
    $800 5
voting

Rachel
    $800 8
Aborigines

Aidan
    $800 2
strange land

Rachel
    $800 17
I don't know

Aidan
    $1200 28
(Solomon: Um, what is... 4,023?)

4,503

SolomonAidan
    $1200 23
Terminator Salvation (Terminator accepted)

Aidan
    $1200 6
New Orleans

Solomon
    $1200 9
the Sunrise

Rachel
    $1200 3
thyself

Rachel
    $1200 18
too much information

Solomon
    $1,700 29
10,000

Aidan
    $1600 24
Wolverine

Solomon
    $1600 12
the Erie Canal

Aidan
    $1600 10
monks

Aidan
    $1600 14
[ERRATUM: The clue as displayed had a four-period ellipsis.]

flesh of my flesh

Rachel
    $1600 19
the manual

Solomon
    $2000 30
270

Rachel
    $2000 25
Street Fighter

Solomon
    $1,500 13
Dred Scott

Aidan
    $2000 11
Latin

Rachel
    $2000 15
comfort me

Solomon
    $2000 20
(Aidan: What is a lot?)
(Rachel: What is absence?)

apropos

AidanRachel
Triple Stumper

Scores at the end of the Double Jeopardy! Round:

Solomon Aidan Rachel
$12,000 $16,400 $11,800

Final Jeopardy! Round responses

THE PLANETS
RachelWhat is Earth
$2,000
SolomonWhat is Earth?
$5,001
AidanWhat is Earth?
$6,400
Earth

Final scores:

Solomon Aidan Rachel
$17,001 $22,800 $13,800
2nd place: $5,000 if eliminated Automatic semifinalist 3rd place: $5,000 if eliminated

Game dynamics:

Coryat scores:

Solomon Aidan Rachel
$14,000 $16,800 $11,800
19 R,
4 W
(including 1 DD)
21 R
(including 2 DDs),
2 W
17 R,
2 W

Combined Coryat: $42,600

The J! Archive is created by fans, for fans. The Jeopardy! game show and all elements thereof, including but not limited to copyright and trademark thereto, are the property of Jeopardy Productions, Inc. and are protected under law. This website is not affiliated with, sponsored by, or operated by Jeopardy Productions, Inc. Join the discussion at JBoard.tv.